00581 2200205 4500001002100000005001500021035002000036007000300056008004100059020002200100082001100122084001700133100002000150245010900170250001100279260003000290300002100320650001400341990002000355INLIS00000000000685720250826093238 a0010-0825000017ta250826 0  a978-623-293-311-8 a658.81 a658.81 Cha s1 aChandra, Fabian1 aSocial Media Marketing :bStrategi Memaksimalkan Media Sosial untuk Lejitkan Penjualan /cFabian Chandra aCet. 1 aYogyakarta: :bDiva Press a100 hlm ;c20 cm 4aMarketing a108/yoma/h/2025